000 00334nam a22001337a 4500
003 OSt
008 210806b ||||| |||| 00| 0 eng d
020 _a9789325960442
082 _a691
_bBHA/BU
100 _aBhavikatti S S
_94922
245 _aBuilding materials
260 _aNoida
_bVikas Publishing House Pvt. Ltd
_c2019
942 _cBK
999 _c17386
_d17386